000 02490cam a22005174a 4500
001 14938866
005 20250501110214.0
008 070724s2008 enk b 001 0 eng
010 _a 2007030542
016 7 _a101313224
_2DNLM
020 _a9780521884228 (hardback)
020 _a0521884225 (hardback)
035 _a(OCoLC)ocn162507251
035 _a(OCoLC)162507251
037 _cTB
040 _aCRL
_cCRL
_dCRL
042 _apcc
043 _an-us-ny
050 0 0 _aRC552.P67
_bS394 2008
060 1 0 _aWM 172
_bS452t 2008
084 _aS:86:(Y:45) P8
_qCRL
100 1 _aSeeley, Karen M.
_9753625
245 1 0 _aTherapy after terror:
_b9/11, psychotherapists, and mental health
260 _aCambridge, UK;
_aNew York, USA:
_bCambridge University Press,
_c2008.
300 _ax, 242 p. ;
_c24 cm.
365 _b34.99
_cUKP
504 _aIncludes bibliographical references (p. 213-232) and index.
505 0 _aTrauma histories -- Volunteers for America -- "Get me counselors!" -- The psychological treatment of trauma -- The trauma of psychological treatment -- Diagnosing posttraumatic stress disorder -- Trauma as metaphor -- Mental health in traumatic times.
650 0 _aSeptember 11 Terrorist Attacks, 2001
_xPsychological aspects.
_9753626
650 0 _aPost-traumatic stress disorder
_xTreatment
_zNew York (State)
_zNew York.
_9753627
650 0 _aCrisis intervention (Mental health services)
_zNew York (State)
_zNew York.
_9753628
650 0 _aDisaster victims
_xRehabilitation
_zNew York (State)
_zNew York.
_9753629
650 1 2 _aStress Disorders, Traumatic
_xtherapy.
_9753630
650 2 2 _aCrisis Intervention
_xmethods.
_9753631
650 2 2 _aMental Health Services.
_9674708
650 2 2 _aProfessional Role
_xpsychology.
_9753632
650 2 2 _aProfessional-Patient Relations.
_9753633
650 2 2 _aSeptember 11 Terrorist Attacks
_xpsychology.
_9753634
856 4 2 _3Contributor biographical information
_uhttp://www.loc.gov/catdir/enhancements/fy0803/2007030542-b.html
856 4 2 _3Publisher description
_uhttp://www.loc.gov/catdir/enhancements/fy0803/2007030542-d.html
856 4 1 _3Table of contents only
_uhttp://www.loc.gov/catdir/enhancements/fy0803/2007030542-t.html
906 _a7
_bcbc
_corignew
_d1
_eecip
_f20
_gy-gencatlg
942 _2CC
_cTB
_hS:86:(Y:45) P8
_n0
999 _c1309861
_d1309861